00751cam a2200217 a 4500020001500000040000800015082002600023100002200049245005100071246002900122250001200151260005200163300003200215500004600247500002000293650002100313650001900334856005800353856006500411856005700476 a0764561251 cDLC00a808 IDG 2000 A093 Or.1 aSorenson, Sharon.00aWebster's New World student writing handbook /30aStudent writing handbook a4th ed. aFoster City, CA :bIDG Books Worldwide,cc2000. ax, 588 p. :bill. ;c24 cm. a"A Webster's New World book"--T.p. verso. aIncludes index. 0aEnglish language 0aReport writing42uhttp://www.loc.gov/catdir/bios/wiley045/00042644.html42uhttp://www.loc.gov/catdir/description/wiley039/00042644.html41uhttp://www.loc.gov/catdir/toc/wiley021/00042644.html